Statistics for Months in Icelandic

Click here to take the quiz!

General Stats

  • This quiz has been taken 27 times
    (26 since last reset)
  • The average score is 10 of 12

Answer Stats

HintAnswer% Correct
41.Janúar
100%
42.Febrúar
100%
44.Apríl
100%
45.Maí
95%
46.Júní
91%
47.Júlí
91%
49.September
91%
410.Oktober
82%
411.Nóvember
82%
412.Desember
68%
48.Ágúst
64%
43.Manúđir
0%

Score Distribution

Percentile by Number Answered

Percent of People with Each Score

Your Score History

You have not taken this quiz since the last reset